000 00519nam a2200181Ia 4500
005 20250508153100.0
008 008 250505s9999 xx 000 0 eng d
037 _aBooks to be hide in OPAC
040 _aFEDL
_beng
_cFEDL
041 _aeng
_2eng
084 _a370.954, NIV/O
_qFEDL
100 _aNivedita
245 0 _aHints on national education in India
260 _aCalcutta, India
_bUdbodhan Office
_c1937
300 _avi,188p.
942 _cHB
_h370.954, NIV/O
999 _c1340590
_d1340590